Normal view
MARC view
- Dr. Rabia Liaquat.
Entry Personal Name
001 - CONTROL NUMBER
- control field: 28881
003 - CONTROL NUMBER IDENTIFIER
- control field: NUST
005 - DATE AND TIME OF LATEST TRANSACTION
- control field: 20200309115637.0
008 - FIXED-LENGTH DATA ELEMENTS
- fixed length control field: 200309|| aca||aabn | a|a d
040 ## - CATALOGING SOURCE
- Original cataloging agency: NUST
- Transcribing agency: NUST
100 ## - HEADING--PERSONAL NAME
- Personal name: Dr. Rabia Liaquat.
670 ## - SOURCE DATA FOUND
- Source citation: Work cat.: (NUST): Zainab, Atoofa 28879, Potential of lignocellulosic material as biofilm carriers in anaerobic digestion technology /, 2018.
